Every Team Michigan's lost to since 2000 - Statistics

General Stats
  • This quiz has been taken 13 times
    12 since last reset
  • The average score is 20 of 30
Answer Stats
Hint Answer % Correct
17 Ohio State
100%
7 Penn State
90%
1 Georgia
80%
2 Indiana
80%
11 Michigan State
80%
2 Northwestern
80%
3 Oregon
80%
3 Purdue
80%
2 Texas
80%
2 Washington
80%
7 Wisconsin
80%
1 Florida
70%
3 Illinois
70%
2 Minnesota
70%
3 Nebraska
70%
7 Notre Dame
70%
1 UCLA
70%
2 USC
70%
2 Alabama
60%
1 Florida State
60%
7 Iowa
60%
1 Maryland
60%
2 South Carolina
60%
1 Kansas State
50%
1 Rutgers
50%
1 Tennessee
50%
1 Mississippi State
40%
1 TCU
40%
3 Utah
40%
1 App State
20%
No matching quizzes found
Score Distribution
Percent of People with Each Score
Percentile by Number Answered
Your Score History
You have not taken this quiz since the last reset